000 00437nam a2200157Ia 4500
008 230312s9999||||xx |||||||||||||| ||und||
020 _a8184312466
082 _a61.38154
_bGOD-E
100 _aGodse, A.P.
245 0 _aElments of microprocessors
260 _bTechnical
_aPune
_c2007
300 _a872
546 _aEng.
650 _aEngineering
_vAssembly language programming, Interfacing the interrupt, Operating model
942 _cBK
999 _c1697
_d1697